[Event "Vlissingen HZ op 24th"]
[Site "Vlissingen"]
[Date "2022.08.13"]
[Round "9"]
[White "Bakker, Jouke"]
[Black "Wiewesiek, Timo"]
[Result "0-1"]
[WhiteElo "2113"]
[BlackElo "1976"]
[PlyCount "106"]
[EventDate "2022.08.06"]
[EventType "swiss"]
[EventRounds "9"]
[EventCountry "NED"]
[SourceTitle "CBM 209 Extra"]
[Source "ChessBase"]
[SourceDate "2022.09.30"]
[SourceVersion "1"]
[SourceVersionDate "2022.09.30"]
[SourceQuality "1"]

1. e4 c6 2. d4 d5 3. e5 Bf5 4. Nd2 e6 5. Nb3 Nd7 6. Nf3 h6 7. Be2 Ne7 8. 0-0 g5 9. a4 Bg7 10. a5 c5 11. Nxc5 Nxc5 12. dxc5 a6 13. c3 0-0 14. Qb3 Qc7 15. Qb6 Rac8 16. Be3 Nc6 17. Qxc7 Rxc7 18. h4 g4 19. Nd4 Nxe5 20. h5 Bh7 21. Ra4 Nd3 22. Bxd3 Bxd3 23. Rd1 Be4 24. Ne2 Bc2 25. Rdd4 Bxa4 26. Rxa4 e5 27. Rxg4 f5 28. Rg6 f4 29. Bd2 Rf6 30. Rxf6 Bxf6 31. b4 Kf7 32. f3 Ke6 33. c4 dxc4 34. Nc3 Rd7 35. Ne4 Rxd2 36. Nxd2 c3 37. Nb3 Kd5 38. b5 axb5 39. Kf2 Be7 40. Ke2 Bxc5 41. Kd3 Bd4 42. Kc2 Kc4 43. Nc1 b4 44. Nb3 Bf2 45. Na1 Bh4 46. Nb3 Bd8 47. Na1 Bxa5 48. Nb3 Bb6 49. Nc1 Bc5 50. Nb3 b6 51. Nc1 Kd4 52. Kd1 Ke3 53. Ke1 c2 0-1

[Event "Rhein Main op-A 21st"]
[Site "Bad Homburg"]
[Date "2018.06.03"]
[Round "7"]
[White "Wiewesiek, Timo"]
[Black "Roediger, Thomas"]
[Result "1-0"]
[WhiteElo "1996"]
[BlackElo "1971"]
[PlyCount "51"]
[EventDate "2018.05.30"]
[EventType "swiss"]
[EventRounds "7"]
[EventCountry "GER"]
[SourceTitle "EXT 2019"]
[Source "ChessBase"]
[SourceDate "2018.10.10"]
[SourceVersion "1"]
[SourceVersionDate "2018.10.10"]
[SourceQuality "1"]

1. e4 c5 2. Nc3 e6 3. f4 d5 4. Nf3 Nc6 5. d3 Be7 6. g3 Nf6 7. Bg2 d4 8. Nb1 e5 9. 0-0 Bd7 10. a4 a6 11. Na3 b5 12. Bd2 exf4 13. gxf4 Qb6 14. Qe2 c4 15. Kh1 cxd3 16. cxd3 Rc8 17. f5 0-0 18. Bh3 Rfe8 19. Rg1 Bf8 20. Qg2 Ne5 21. Nxe5 Rxe5 22. Raf1 b4 23. Bh6 Nh5 24. f6 Bxh3 25. Qxh3 g6 26. Qxc8 1-0

[Event "Rhein Main op-A 21st"]
[Site "Bad Homburg"]
[Date "2018.06.02"]
[Round "6"]
[White "Browning, Alex"]
[Black "Wiewesiek, Timo"]
[Result "1-0"]
[WhiteElo "2172"]
[BlackElo "1996"]
[PlyCount "79"]
[EventDate "2018.05.30"]
[EventType "swiss"]
[EventRounds "7"]
[EventCountry "GER"]
[SourceTitle "EXT 2019"]
[Source "ChessBase"]
[SourceDate "2018.10.10"]
[SourceVersion "1"]
[SourceVersionDate "2018.10.10"]
[SourceQuality "1"]

1. e4 c6 2. d4 d5 3. Nc3 dxe4 4. Nxe4 Nd7 5. Ng5 Ngf6 6. Bd3 e6 7. N1f3 h6 8. Ne4 Nxe4 9. Bxe4 Bd6 10. 0-0 Nf6 11. Bd3 Qc7 12. c4 b6 13. Bd2 Bb7 14. Qe2 0-0 15. Bc3 c5 16. dxc5 Bxc5 17. Ne5 Rad8 18. Rad1 Kh8 19. Bb1 a5 20. a3 Ba8 21. Kh1 Kg8 22. b4 axb4 23. axb4 Bd6 24. f4 Qb7 25. Rde1 Rfe8 26. Rf3 Nd7 27. Rg3 Nxe5 28. fxe5 Bf8 29. Bd2 Kh8 30. Bxh6 Rd4 31. Bxg7+ Bxg7 32. Qh5+ Kg8 33. Qh7+ Kf8 34. Qxg7+ Ke7 35. Qf6+ Kd7 36. Qxf7+ Re7 37. Qf2 Rxc4 38. Bd3 Rc8 39. Be4 Qb8 40. Qd4+ 1-0

[Event "GER-chT U20"]
[Site "Borken"]
[Date "2016.12.29"]
[Round "6.4"]
[White "Wiewesiek, Timo"]
[Black "Bay, Nicolai"]
[Result "1/2-1/2"]
[WhiteElo "1886"]
[BlackElo "1973"]
[PlyCount "59"]
[EventDate "2016.12.27"]
[EventType "team-swiss"]
[EventRounds "7"]
[EventCountry "GER"]
[SourceTitle "EXT 2018"]
[Source "ChessBase"]
[SourceDate "2017.10.13"]
[SourceVersion "1"]
[SourceVersionDate "2017.10.13"]
[SourceQuality "1"]
[WhiteTeam "Darmstadt"]
[BlackTeam "Eppingen"]
[WhiteTeamCountry "GER"]
[BlackTeamCountry "GER"]

1. e4 c5 2. Nc3 Nc6 3. Bb5 d6 4. Bxc6+ bxc6 5. f4 d5 6. d3 Nf6 7. Nf3 Bg4 8. 0-0 g6 9. Qe1 Bxf3 10. Rxf3 Bg7 11. Kh1 0-0 12. Rh3 e6 13. Qh4 h5 14. Qe1 Re8 15. Rf3 Rb8 16. h3 Qe7 17. Rb1 Nd7 18. Bd2 Nb6 19. g4 hxg4 20. hxg4 f5 21. gxf5 gxf5 22. e5 Kf7 23. Kg2 Rh8 24. Rg3 Rh6 25. Qg1 Rbh8 26. Kf3 Bf8 27. Rf1 Ke8 28. Ke2 Qh7 29. Kd1 Kf7 30. Ne2 1/2-1/2

[Event "Karl Mala Memorial op-A 17th"]
[Site "Frankfurt"]
[Date "2014.08.02"]
[Round "4"]
[White "Jayakumar, Nivesh"]
[Black "Wiewesiek, Timo"]
[Result "0-1"]
[WhiteElo "1621"]
[BlackElo "1775"]
[PlyCount "70"]
[EventDate "2014.07.31"]
[EventType "swiss"]
[EventRounds "7"]
[EventCountry "GER"]
[SourceTitle "EXT 2015"]
[Source "ChessBase"]
[SourceDate "2014.11.20"]
[SourceVersion "1"]
[SourceVersionDate "2014.11.20"]
[SourceQuality "1"]

1. e4 c6 2. d4 d5 3. Nc3 dxe4 4. Nxe4 Bf5 5. Ng3 Bg6 6. h4 h6 7. Nf3 Nd7 8. h5 Bh7 9. Bd3 Bxd3 10. Qxd3 Ngf6 11. Bf4 e6 12. 0-0 Be7 13. Rfe1 0-0 14. a3 c5 15. c4 cxd4 16. Nxd4 Nc5 17. Qc3 Bd6 18. Rad1 Bxf4 19. Nxe6 Nxe6 20. Rxd8 Raxd8 21. Qf3 Bxg3 22. Qxg3 Rd7 23. Qf3 Rc8 24. b3 Rc5 25. Qh3 Rxh5 26. Qe3 a6 27. b4 Rh4 28. c5 Re4 29. Qc1 Rxe1+ 30. Qxe1 Rd3 31. Qc1 Rb3 32. Kf1 Rd3 33. Ke2 Rd8 34. c6 bxc6 35. Qxc6 Nd4+ 0-1

[Event "Karl Mala Memorial op-A 17th"]
[Site "Frankfurt"]
[Date "2014.08.02"]
[Round "5"]
[White "Wiewesiek, Timo"]
[Black "Bittner, Peter"]
[Result "1/2-1/2"]
[WhiteElo "1775"]
[BlackElo "1943"]
[PlyCount "71"]
[EventDate "2014.07.31"]
[EventType "swiss"]
[EventRounds "7"]
[EventCountry "GER"]
[SourceTitle "EXT 2015"]
[Source "ChessBase"]
[SourceDate "2014.11.20"]
[SourceVersion "1"]
[SourceVersionDate "2014.11.20"]
[SourceQuality "1"]

1. e4 c6 2. d4 d5 3. Nc3 Nf6 4. e5 Nfd7 5. Bd3 e6 6. f4 g6 7. Nf3 c5 8. dxc5 Nxc5 9. Be3 a6 10. 0-0 Nc6 11. Nd4 Nxd3 12. Qxd3 Be7 13. a4 0-0 14. Nce2 Bd7 15. c3 Na5 16. Bf2 Qe8 17. b4 Nc4 18. a5 Qd8 19. Nc1 f6 20. exf6 Bxf6 21. Nf3 Qc7 22. g3 Nb2 23. Bb6 Qxc3 24. Qxc3 Bxc3 25. Rb1 Nc4 26. Bc5 Rfe8 27. Nd3 Bb5 28. Rfd1 Bf6 29. Nde5 Bxe5 30. Nxe5 Ba4 31. Rd4 Bb5 32. Re1 Rac8 33. Nxc4 Bxc4 34. Kf2 Kf7 35. Re5 h5 36. h4 1/2-1/2

[Event "Rhein Main op-A 17th"]
[Site "Bad Homburg"]
[Date "2014.06.20"]
[Round "4"]
[White "Francke, Helmut"]
[Black "Wiewesiek, Timo"]
[Result "0-1"]
[WhiteElo "1968"]
[BlackElo "1745"]
[PlyCount "92"]
[EventDate "2014.06.18"]
[EventType "swiss"]
[EventRounds "7"]
[EventCountry "GER"]
[SourceTitle "CBM 161 Extra"]
[Source "ChessBase"]
[SourceDate "2014.08.29"]
[SourceVersion "1"]
[SourceVersionDate "2014.08.29"]
[SourceQuality "1"]

1. Nf3 Nc6 2. g3 e5 3. d3 d5 4. Bg2 Bc5 5. 0-0 Bb6 6. Nbd2 Nf6 7. Nb3 a5 8. a4 Qe7 9. c3 0-0 10. h3 h6 11. Qc2 Bf5 12. Nh4 Bh7 13. e4 d4 14. c4 Nd7 15. Nf5 Bxf5 16. exf5 Nc5 17. Nxc5 Bxc5 18. Qe2 Rab8 19. Be4 Nb4 20. Kg2 c6 21. h4 f6 22. g4 Rfc8 23. g5 hxg5 24. hxg5 Kf8 25. Rh1 Ke8 26. Rh7 Kd7 27. gxf6 Qxf6 28. Qg4 Be7 29. Rxg7 Qxg7 30. Qxg7 Rg8 31. Qg3 Bh4 32. Kf3 Bxg3 33. fxg3 Rh8 34. Bg5 Rh2 35. Kg4 Rg8 36. f6 Rf2 37. Bf5+ Kd6 38. c5+ Kd5 39. Rh1 Nc2 40. Be4+ Ke6 41. Bh7 Ne3+ 42. Kh5 Rh8 43. Kg6 Nd5 44. Kg7 Rc8 45. Rh6 Nxf6 46. Be4 Rg8# 0-1

[Event "Hessen-ch U18"]
[Site "Bad Homburg"]
[Date "2014.04.16"]
[Round "4"]
[White "Kempfer, Justus"]
[Black "Wiewesiek, Timo"]
[Result "1/2-1/2"]
[WhiteElo "1761"]
[BlackElo "1745"]
[PlyCount "42"]
[EventDate "2014.04.??"]
[EventType "swiss"]
[EventRounds "7"]
[EventCountry "GER"]
[SourceTitle "EXT 2022"]
[Source "ChessBase"]
[SourceDate "2021.10.06"]
[SourceVersion "1"]
[SourceVersionDate "2021.10.06"]
[SourceQuality "1"]

1. e4 c6 2. d4 d5 3. Nc3 dxe4 4. Nxe4 Bf5 5. Ng3 Bg6 6. h4 h6 7. Nf3 Nd7 8. h5 Bh7 9. Bd3 Bxd3 10. Qxd3 Ngf6 11. Bd2 e6 12. 0-0-0 Be7 13. Kb1 Qc7 14. Ne4 Nxe4 15. Qxe4 Nf6 16. Qe2 0-0-0 17. c4 c5 18. Bc3 Kb8 19. g3 Ka8 20. Rhe1 Rhe8 21. b3 Bd6 1/2-1/2

[Event "Hessen-ch U18"]
[Site "Bad Homburg"]
[Date "2014.04.14"]
[Round "1"]
[White "Wiewesiek, Timo"]
[Black "Hebbering, Tom Elliot"]
[Result "1/2-1/2"]
[WhiteElo "1745"]
[BlackElo "2007"]
[PlyCount "67"]
[EventDate "2014.04.??"]
[EventType "swiss"]
[EventRounds "7"]
[EventCountry "GER"]
[SourceTitle "EXT 2022"]
[Source "ChessBase"]
[SourceDate "2021.10.06"]
[SourceVersion "1"]
[SourceVersionDate "2021.10.06"]
[SourceQuality "1"]

1. e4 e5 2. Nf3 Nc6 3. Bb5 a6 4. Ba4 Nf6 5. d3 d6 6. c3 Be7 7. Nbd2 b5 8. Bc2 0-0 9. Nf1 d5 10. Qe2 h6 11. Ng3 Be6 12. b3 dxe4 13. dxe4 b4 14. c4 Bg4 15. Be3 Nh5 16. Nxh5 Bxh5 17. Rd1 Qc8 18. c5 Rd8 19. Rxd8+ Qxd8 20. Qc4 Bxf3 21. gxf3 Bg5 22. Ke2 Bxe3 23. fxe3 Qg5 24. Rf1 Qg2+ 25. Rf2 Qg6 26. Bd3 a5 27. Qc2 Rd8 28. Kf1 Ne7 29. Bc4 Qc6 30. Ke1 Qd7 31. f4 Qg4 32. f5 Qg1+ 33. Bf1 Qg5 34. Rf3 1/2-1/2

[Event "Karl Mala Memorial op-A 16th"]
[Site "Frankfurt"]
[Date "2013.07.14"]
[Round "7"]
[White "Knapp, Michael"]
[Black "Wiewesiek, Timo"]
[Result "1-0"]
[WhiteElo "1965"]
[BlackElo "1704"]
[PlyCount "71"]
[EventDate "2013.07.11"]
[EventType "swiss"]
[EventRounds "7"]
[EventCountry "GER"]
[SourceTitle "EXT 2014"]
[Source "ChessBase"]
[SourceDate "2013.11.20"]
[SourceVersion "1"]
[SourceVersionDate "2013.11.20"]
[SourceQuality "1"]

1. d4 Nf6 2. c4 e6 3. Nf3 d5 4. Nc3 c6 5. e3 Bd6 6. Bd3 dxc4 7. Bxc4 0-0 8. 0-0 Nbd7 9. Qc2 e5 10. Rd1 Qe7 11. a3 exd4 12. Nxd4 Nb6 13. Bd3 Bg4 14. Nf5 Qe5 15. Nxd6 Bxd1 16. Qxd1 Rad8 17. Nf5 Ne4 18. Qc2 Nc5 19. Be2 Rd7 20. e4 Rfd8 21. Bg5 Re8 22. f4 Qe6 23. Bg4 Qb3 24. Qxb3 Nxb3 25. Rd1 Rxd1+ 26. Bxd1 Nd2 27. Nd6 Re6 28. e5 f5 29. a4 h6 30. Bh4 g5 31. Be1 Nbc4 32. Nxc4 Nxc4 33. Bb3 b5 34. axb5 cxb5 35. Nxb5 Rc6 36. Nd6 1-0

[Event "Karl Mala Memorial op-A 16th"]
[Site "Frankfurt"]
[Date "2013.07.14"]
[Round "6"]
[White "Wiewesiek, Timo"]
[Black "Krasnopeyeva, Julia"]
[Result "1-0"]
[WhiteElo "1704"]
[BlackElo "1943"]
[PlyCount "131"]
[EventDate "2013.07.11"]
[EventType "swiss"]
[EventRounds "7"]
[EventCountry "GER"]
[SourceTitle "EXT 2014"]
[Source "ChessBase"]
[SourceDate "2013.11.20"]
[SourceVersion "1"]
[SourceVersionDate "2013.11.20"]
[SourceQuality "1"]

1. e4 c5 2. Nc3 Nc6 3. Bb5 Nd4 4. Bc4 g6 5. Nf3 Bg7 6. Nxd4 cxd4 7. Qf3 Nh6 8. Ne2 0-0 9. d3 Ng4 10. Bb3 Ne5 11. Qg3 Nc6 12. 0-0 Na5 13. f4 Nxb3 14. axb3 f5 15. Bd2 d6 16. Rfc1 Bd7 17. c3 dxc3 18. Bxc3 Qb6+ 19. Qf2 Qxf2+ 20. Kxf2 fxe4 21. Bxg7 Kxg7 22. Rc7 Bc6 23. dxe4 Rf7 24. Ke3 e5 25. Rxf7+ Kxf7 26. g3 a6 27. Nc3 Re8 28. Rd1 Ke6 29. Nd5 Bxd5 30. Rxd5 Rc8 31. fxe5 dxe5 32. Rd3 Rc2 33. Rd2 Rc6 34. Rd3 Rc1 35. Rd2 a5 36. Rd5 b6 37. Rb5 Rc6 38. Kf3 Kf6 39. h4 h6 40. g4 Re6 41. Ke3 Ke7 42. Rd5 Kf6 43. Kd3 g5 44. h5 Rc6 45. Rd7 Rc1 46. Rh7 Rg1 47. Rxh6+ Kf7 48. Rxb6 Rxg4 49. Rb5 Kf6 50. Rxa5 Rh4 51. Ra6+ Kf7 52. h6 g4 53. b4 Kg8 54. b5 Kh7 55. b6 Rh3+ 56. Kc2 Rxh6 57. b7 Rxa6 58. b8Q Rg6 59. Qxe5 g3 60. Qh5+ Kg7 61. Qh1 g2 62. Qg1 Kf6 63. Kd3 Ke5 64. b4 Kf4 65. Qf2+ Ke5 66. Qf5+ 1-0

[Event "Karl Mala Memorial op-A 16th"]
[Site "Frankfurt"]
[Date "2013.07.12"]
[Round "2"]
[White "Wiewesiek, Timo"]
[Black "Zimmer, Gerald"]
[Result "1-0"]
[WhiteElo "1704"]
[BlackElo "1990"]
[PlyCount "113"]
[EventDate "2013.07.11"]
[EventType "swiss"]
[EventRounds "7"]
[EventCountry "GER"]
[SourceTitle "EXT 2014"]
[Source "ChessBase"]
[SourceDate "2013.11.20"]
[SourceVersion "1"]
[SourceVersionDate "2013.11.20"]
[SourceQuality "1"]

1. e4 e6 2. d4 d5 3. exd5 exd5 4. Nc3 Bb4 5. Bd3 Ne7 6. a3 Ba5 7. Nge2 Nbc6 8. 0-0 Bg4 9. f3 Bf5 10. Be3 0-0 11. Bf2 a6 12. b4 Bb6 13. Na4 Ba7 14. Nc5 Qc8 15. Bxf5 Nxf5 16. Qd3 Nd6 17. Nc3 Ne7 18. Rfe1 Re8 19. Re2 Qf5 20. Qxf5 Ndxf5 21. g4 Nd6 22. Rae1 Ng6 23. Rxe8+ Rxe8 24. Rxe8+ Nxe8 25. Nxd5 c6 26. Nc3 Bxc5 27. bxc5 Nc7 28. a4 f6 29. Ne4 Ne8 30. Bg3 Kf7 31. Nd6+ Nxd6 32. Bxd6 Ke6 33. c4 Nh8 34. Kf2 Nf7 35. Bf4 g6 36. Ke3 Nd8 37. Kd3 h5 38. h3 Nf7 39. Kc3 Nh8 40. Kb4 g5 41. Bg3 hxg4 42. hxg4 Ng6 43. Ka5 Kd7 44. Kb6 Kc8 45. d5 cxd5 46. cxd5 Nh4 47. f4 Ng2 48. fxg5 fxg5 49. c6 bxc6 50. dxc6 Ne3 51. Kxa6 Nxg4 52. Kb6 Nf6 53. a5 Nd5+ 54. Kc5 Nc7 55. Bxc7 Kxc7 56. a6 Kb8 57. Kd4 1-0

[Event "Karl Mala Memorial op 15th"]
[Site "Frankfurt"]
[Date "2012.07.06"]
[Round "3"]
[White "Gilles, Jean Claude"]
[Black "Wiewesiek, Timo"]
[Result "1-0"]
[WhiteElo "1975"]
[BlackElo "1685"]
[PlyCount "51"]
[EventDate "2012.07.05"]
[EventType "swiss"]
[EventRounds "7"]
[EventCountry "GER"]
[SourceTitle "CBM 149 Extra"]
[Source "ChessBase"]
[SourceDate "2012.08.24"]
[SourceVersion "1"]
[SourceVersionDate "2012.08.24"]
[SourceQuality "1"]

1. e4 c5 2. Nf3 d6 3. d4 cxd4 4. Nxd4 Nf6 5. Nc3 g6 6. Be3 a6 7. f3 Bg7 8. Qd2 Nc6 9. 0-0-0 0-0 10. h4 Nxd4 11. Bxd4 Qa5 12. Kb1 b5 13. Nd5 Qxd2 14. Nxe7+ Kh8 15. Rxd2 Bb7 16. Bf2 Rfe8 17. Nd5 Nxd5 18. exd5 Rac8 19. g3 Re5 20. Bh3 Rd8 21. Rhd1 f5 22. h5 Rde8 23. Bf1 Rc8 24. Rd3 Rce8 25. h6 Bf6 26. Bd4 1-0

[Event "Karl Mala Memorial op 15th"]
[Site "Frankfurt"]
[Date "2012.07.06"]
[Round "2"]
[White "Wiewesiek, Timo"]
[Black "Rothermel, Henrik"]
[Result "1-0"]
[WhiteElo "1685"]
[BlackElo "1003"]
[PlyCount "39"]
[EventDate "2012.07.05"]
[EventType "swiss"]
[EventRounds "7"]
[EventCountry "GER"]
[SourceTitle "CBM 149 Extra"]
[Source "ChessBase"]
[SourceDate "2012.08.24"]
[SourceVersion "1"]
[SourceVersionDate "2012.08.24"]
[SourceQuality "1"]

1. e4 e5 2. Nf3 Nc6 3. Bb5 Nd4 4. Nxd4 exd4 5. 0-0 Bc5 6. d3 c6 7. Bc4 d5 8. exd5 cxd5 9. Bb3 a5 10. a4 Nf6 11. Bg5 Qd6 12. Re1+ Be6 13. Bxf6 gxf6 14. Qf3 Bb6 15. Qxd5 Qb4 16. c3 dxc3 17. bxc3 Qh4 18. Rxe6+ fxe6 19. Qxe6+ Kf8 20. Qf7# 1-0

[Event "Rhein Main op-B 15th"]
[Site "Bad Homburg"]
[Date "2012.06.09"]
[Round "6"]
[White "Wiewesiek, Timo"]
[Black "Busch, Florian"]
[Result "0-1"]
[WhiteElo "1635"]
[BlackElo "1775"]
[PlyCount "108"]
[EventDate "2012.06.06"]
[EventType "swiss"]
[EventRounds "7"]
[EventCountry "GER"]
[SourceTitle "EXT 2013"]
[Source "ChessBase"]
[SourceDate "2012.11.22"]
[SourceVersion "1"]
[SourceVersionDate "2012.11.22"]
[SourceQuality "1"]

1. e4 e6 2. d4 d5 3. exd5 exd5 4. Nf3 Bd6 5. c3 Nf6 6. Bg5 0-0 7. Be2 Bg4 8. 0-0 Nbd7 9. Qd3 c6 10. Nbd2 Qc7 11. Rfe1 Rfe8 12. Nf1 Re6 13. Bxf6 Nxf6 14. Ng5 Rxe2 15. Rxe2 Bxe2 16. Qxe2 Re8 17. Qd3 Qe7 18. Ne3 Bf4 19. Nf3 Bxe3 20. fxe3 Qxe3+ 21. Qxe3 Rxe3 22. Kf2 Re7 23. Nd2 Ne4+ 24. Nxe4 Rxe4 25. a4 f5 26. a5 Kf7 27. Ra3 Re7 28. Rb3 Kf6 29. Kf3 g5 30. h3 h6 31. Rb4 Ke6 32. g3 Kd6 33. h4 Kc7 34. Ra4 Re1 35. hxg5 hxg5 36. b4 Rc1 37. Ra3 a6 38. Kf2 Kd6 39. Kf3 Ke6 40. Rb3 Kf6 41. Ra3 Kg6 42. Rb3 Kh5 43. Ra3 Rc2 44. Rb3 Kg6 45. Ra3 g4+ 46. Ke3 Rg2 47. Kf4 Rf2+ 48. Ke5 Rf3 49. Kd6 Rxg3 50. Kc7 f4 51. Kxb7 f3 52. Ra1 f2 53. Rf1 Rg2 54. Kxa6 g3 0-1